| 000 | 00664nam a22002057a 4500 | ||
|---|---|---|---|
| 999 |
_c9202 _d9202 |
||
| 003 | AR-CdUCM | ||
| 008 | 190327b ||||| |||| 00| 0 spa d | ||
| 040 |
_aMUNICIPALIDAD PROVINCIAL DEL CUSCO _cBIBLIOTECA MUNICIPAL DEL CUSCO |
||
| 041 | _hita | ||
| 082 |
_23ed. _a378 / _bK25 |
||
| 100 |
_aKaterinov, Katerin _925267 |
||
| 245 |
_aLa lingua italiana per stranieri / _bcorso elementare ad intermedio : |
||
| 260 |
_aItalia : _bGuerra-perugia _c1976. |
||
| 300 |
_a320 paginas : _bIlustraciones, cuadros, _c24 cm. |
||
| 505 | _aContenido : Lingua Italiana | ||
| 650 |
_aItalia _92273 |
||
| 650 |
_aCurso de italiano _925268 |
||
| 942 |
_2ddc _cLIBROS |
||
| 945 | _awnts | ||